Logo

Description automatically generated
विद्यार्जन
 संसाधन केंद्र, भारतीय प्रौद्योगिकी संस्थान इन्दौर
Learning Resource Center, Indian Institute of Technology Indore

ऑनलाइन सार्वजनिक अभिगम प्रसूची
Online Public Access Catalogue (OPAC)

Geography and literature : a meeting of the disciplines (Record no. 57304)

MARC details
000 -LEADER
fixed length control field 00702nam a2200241Ia 4500
005 - DATE AND TIME OF LATEST TRANSACTION
control field 20260629163254.0
008 - FIXED-LENGTH DATA ELEMENTS--GENERAL INFORMATION
fixed length control field 260629s9999||||xx |||||||||||||| ||und||
020 ## - INTERNATIONAL STANDARD BOOK NUMBER
International Standard Book Number 815624646
Qualifying information hb
082 ## - DEWEY DECIMAL CLASSIFICATION NUMBER
Classification number 809.92
Item number MAL
100 ## - MAIN ENTRY--PERSONAL NAME
Personal name Mallory, William E. [ed.]
245 #0 - TITLE STATEMENT
Title Geography and literature : a meeting of the disciplines
260 ## - PUBLICATION, DISTRIBUTION, ETC.
Place of publication, distribution, etc. New York
Name of publisher, distributor, etc. Syracuse University Press
Date of publication, distribution, etc. 1987
300 ## - PHYSICAL DESCRIPTION
Extent xv, 210p. ; 23cm.
653 ## - INDEX TERM--UNCONTROLLED
Uncontrolled term Geography
653 ## - INDEX TERM--UNCONTROLLED
Uncontrolled term Human geography
653 ## - INDEX TERM--UNCONTROLLED
Uncontrolled term Literary criticism
653 ## - INDEX TERM--UNCONTROLLED
Uncontrolled term Literature
653 ## - INDEX TERM--UNCONTROLLED
Uncontrolled term Local color in literature
653 ## - INDEX TERM--UNCONTROLLED
Uncontrolled term Setting (Literature)
653 ## - INDEX TERM--UNCONTROLLED
Uncontrolled term Space in literature
700 ## - ADDED ENTRY--PERSONAL NAME
Personal name Simpson-Housley, Paul [ed.]
942 ## - ADDED ENTRY ELEMENTS (KOHA)
Koha item type Book
Holdings
Withdrawn status Lost status Damaged status Not for loan Home library Current library Shelving location Date acquired Source of acquisition Total Checkouts Full call number Barcode Date last seen Price effective from Koha item type
        LRC, IIT Indore LRC, IIT Indore 2nd Floor - General Stack 29/06/2026 Gratis Book Price: USD 8.16   809.92 MAL G2529 29/06/2026 29/06/2026 Book
Copyright © 2017-2026 Indian Institute of Technology Indore. All Rights Reserved.
Managed & maintained by Learning Resource Center, IIT Indore